| 000 | 00783nam a2200169 a 4500 | ||
|---|---|---|---|
| 001 | 000040118 | ||
| 005 | 20201002033928.0 | ||
| 008 | 130808s1990 sp a 000 0 spa d | ||
| 020 | _a8440120311 | ||
| 040 |
_aDO-SdBNP _bspa _cBNPHU |
||
| 082 | _axxx | ||
| 245 | 0 | 0 | _aAntología de la literatura universal. |
| 250 | _a4a ed. | ||
| 260 |
_aEspaña : _bPlaza mayor, _c1990. |
||
| 300 |
_a307 p. : _bil. ; _c24 cm. |
||
| 505 | 0 |
_tObras maestras del mundo antiguo: Grecia y Roma -- _tObras maestras de la edad media-- _tObras maestras del Renancimiento -- _tObras maestras del Barroco español -- _tObras maestras del Neoclasicismo -- _tObras maestras del Romanticismo -- _tObras maestras del Realismo y del Naturalismo -- _tObras maestras del mundo moderno -- _tObras maestras del mundo oriental. |
|
| 999 |
_c39608 _d39608 |
||